| 000 | 00799nam a2200217Ia 4500 | ||
|---|---|---|---|
| 999 |
_c39552 _d39552 |
||
| 001 | 6151 | ||
| 003 | GE_BSU | ||
| 005 | 20191122103040.0 | ||
| 008 | 181216s1972||||ge |||||||||||||| ||geo|| | ||
| 040 | _cGE_BSU | ||
| 041 | _ageo | ||
| 080 | _a821.353.1-1 გ-14 | ||
| 100 |
_aგაგუა, ხუტა. _95513 |
||
| 245 |
_aგვიანი თოვლი : _bლექსები / _cხუტა გაგუა ; რედ. დ. ივარდავა. |
||
| 264 |
_aთბილისი : _bსაბჭოთა საქართველო, _c1972. |
||
| 300 |
_a110 გვ. ; _c16 სმ. |
||
| 653 | _aგვიანი თოვლი | ||
| 653 | _aლექსები | ||
| 700 |
_aივარდავა, დ. _eრედაქტორი _93755 |
||
| 942 |
_cBK _2udc |
||